[Event "Landesliga Ost MVP 2013-14"]
[Site "?"]
[Date "2013.11.10"]
[Round "2.2"]
[White "Oergel, Ullrich"]
[Black "Rossmann, Andreas"]
[Result "1/2-1/2"]
[WhiteElo "1740"]
[BlackElo "1977"]
[PlyCount "132"]
[EventType "team-tourn"]
[EventRounds "9"]
[EventCountry "GER"]
[WhiteTeam "SC Seehotel Binz-Therme Rügen"]
[BlackTeam "SG Eintracht Neubrandenburg"]
[WhiteTeamCountry "GER"]
[BlackTeamCountry "GER"]

1. c4 Nf6 2. Nc3 g6 3. g3 Bg7 4. Bg2 d6 5. d4 O-O 6. e4 e5 7. d5 Nbd7 8. Nge2
a5 9. O-O Nc5 10. Be3 b6 11. Bxc5 bxc5 12. b3 Ne8 13. Qd3 f5 14. f3 Nf6 15.
Rae1 Bd7 16. a4 Qc8 17. Rd1 Rf7 18. Rde1 Qb7 19. Nb5 Raf8 20. Nec3 Qc8 21. Qd2
Ne8 22. Re2 Bf6 23. Ree1 Bd8 24. Rd1 Ng7 25. Qd3 h5 26. Qd2 Kh7 27. Ne2 Ne8 28.
Nbc3 Nf6 29. Nb5 Kg7 30. Nbc3 Ne8 31. f4 Bf6 32. Nb5 Re7 33. Nbc3 exf4 34. Nxf4
Bd4+ 35. Kh1 Nf6 36. exf5 Bxf5 37. Rde1 Rfe8 38. Rxe7+ Rxe7 39. Nce2 Be3 40.
Qb2 Re5 41. Ng1 Qe8 42. Nf3 Bxf4 43. gxf4 Re2 44. Qc3 Qe3 45. Qxa5 Qxf4 46. Ng1
Be4 47. Nf3 Bxf3 48. Rxf3 Qe5 49. Qxc7+ Kh6 50. Qf7 Re1+ 51. Bf1 Qe4 52. Qxf6
Rxf1+ 53. Kg2 Rxf3 54. Qxf3 Qc2+ 55. Kh3 Qd2 56. Qf8+ Kh7 57. Qf7+ Kh6 58. Qf8+
Kh7 59. Qxd6 g5 60. Qe7+ Kg6 61. Qe6+ Kg7 62. Qe7+ Kg6 63. Qe6+ Kg7 64. Qe5+
Kg6 65. Qe8+ Kh6 66. Qe6+ Kg7 {remie durch Zugwiederholung} 1/2-1/2

[Event "Landesliga Ost MVP 2013-14"]
[Site "?"]
[Date "2013.11.10"]
[Round "2.3"]
[White "Stoevesand, Eric"]
[Black "Horch, Helmut"]
[Result "1-0"]
[WhiteElo "1929"]
[BlackElo "1697"]
[PlyCount "73"]
[EventType "team-tourn"]
[EventRounds "9"]
[EventCountry "GER"]
[WhiteTeam "SG Eintracht Neubrandenburg"]
[BlackTeam "SC Seehotel Binz-Therme Rügen"]
[WhiteTeamCountry "GER"]
[BlackTeamCountry "GER"]

1. e4 e6 2. d4 d5 3. Nc3 dxe4 4. Nxe4 Nd7 5. Nf3 Ngf6 6. Nxf6+ Nxf6 7. Bd3 Be7
8. Bg5 h6 9. Bxf6 Bxf6 10. Qd2 Qe7 11. O-O-O Bd7 12. Be4 c6 13. Ne5 Rd8 14. Qa5
a6 15. f4 Bc8 16. Rd3 O-O 17. Kb1 Rd6 18. Rhd1 Qd8 19. Qc5 Bxe5 20. dxe5 Rxd3
21. Bxd3 Qh4 22. Qe3 Qxh2 23. g4 f5 24. exf6 Rxf6 25. f5 Qh4 26. Qe4 Qg3 27.
Bc4 Qc7 28. fxe6 Qe7 29. Rd7 Rf1+ 30. Bxf1 Bxd7 31. exd7 Qxd7 32. Bc4+ Kf8 33.
a3 b5 34. Be6 Qe8 35. Qf5+ Ke7 36. Qe5 Kf8 37. Qd6+ 1-0

[Event "Landesliga Ost MVP 2013-14"]
[Site "?"]
[Date "2013.11.10"]
[Round "2.5"]
[White "Kunow, Frank"]
[Black "Koesterke, Klaus"]
[Result "1-0"]
[WhiteElo "1793"]
[BlackElo "1386"]
[PlyCount "109"]
[EventType "team-tourn"]
[EventRounds "9"]
[EventCountry "GER"]
[WhiteTeam "SG Eintracht Neubrandenburg"]
[BlackTeam "SC Seehotel Binz-Therme Rügen"]
[WhiteTeamCountry "GER"]
[BlackTeamCountry "GER"]

1. Nf3 Nf6 2. c4 c5 3. Nc3 Nc6 4. d4 cxd4 5. Nxd4 Nxd4 6. Qxd4 e6 7. e4 h6 8.
e5 Ng8 9. Ne4 b6 10. Bd2 Bb7 11. b4 Bxe4 12. Qxe4 Ne7 13. Be2 Rc8 14. O-O Qc7
15. f4 g6 16. Rac1 a6 17. c5 b5 18. Ra1 Nd5 19. Rfc1 Qc6 20. Bf3 Bg7 21. Qd3
O-O 22. Rd1 Rc7 23. Bxd5 Qxd5 24. Qxd5 exd5 25. Be3 Re8 26. Rxd5 f6 27. Bd4
fxe5 28. Bxe5 Bxe5 29. fxe5 Re7 30. Rf1 Kg7 31. Rf6 Rxe5 32. Rxg6+ Kxg6 33.
Rxe5 Kf6 34. Rh5 Kg6 35. Rd5 Kg7 36. Kf2 a5 37. a3 a4 38. Rd6 Rb7 39. Rb6 Ra7
40. Rxb5 d6 41. Ke3 dxc5 42. Rxc5 Re7+ 43. Kf3 Rf7+ 44. Ke4 Rf2 45. Rc3 Kh7 46.
Rg3 h5 47. Kd5 Kh6 48. b5 Rf5+ 49. Kc6 Rf6+ 50. Kb7 Rf7+ 51. Ka6 Rf8 52. b6 Rf7
53. b7 Rf6+ 54. Ka7 Rf7 55. Ka8 1-0

[Event "Landesliga Ost MVP 2013-14"]
[Site "?"]
[Date "2013.11.10"]
[Round "2.6"]
[White "Mueller, Wilfried"]
[Black "Meyer, Detlef"]
[Result "0-1"]
[WhiteElo "1361"]
[BlackElo "1827"]
[PlyCount "60"]
[EventType "team-tourn"]
[EventRounds "9"]
[EventCountry "GER"]
[WhiteTeam "SC Seehotel Binz-Therme Rügen"]
[BlackTeam "SG Eintracht Neubrandenburg"]
[WhiteTeamCountry "GER"]
[BlackTeamCountry "GER"]

1. c4 e5 2. Nc3 Nf6 3. e4 Nc6 4. d3 Bc5 5. Bg5 d6 6. Nf3 Be6 7. Be2 h6 8. Bxf6
Qxf6 9. O-O O-O 10. Nd5 Bxd5 11. cxd5 Nd4 12. a3 a5 13. Nxd4 Bxd4 14. Qc2 Qe7
15. Rac1 Rac8 16. Bg4 Rb8 17. Qxc7 Qg5 18. h3 h5 19. Bf5 g6 20. Bd7 Bxb2 21.
Rb1 Bxa3 22. Qxa5 Bc5 23. Qc7 b6 24. Qc6 Ra8 25. Qb5 Ra2 26. Rb2 Rfa8 27. Rxa2
Rxa2 28. Qb1 Qd2 29. Qe1 Qxd3 30. Bc6 Bd4 0-1

[Event "Landesliga Ost MVP 2013-14"]
[Site "?"]
[Date "2013.11.10"]
[Round "2.7"]
[White "Stoevesand, Peter"]
[Black "Ritter, Wolfgang"]
[Result "1-0"]
[WhiteElo "1831"]
[BlackElo "1482"]
[PlyCount "75"]
[EventType "team-tourn"]
[EventRounds "9"]
[EventCountry "GER"]
[WhiteTeam "SG Eintracht Neubrandenburg"]
[BlackTeam "SC Seehotel Binz-Therme Rügen"]
[WhiteTeamCountry "GER"]
[BlackTeamCountry "GER"]

1. e4 d6 2. d4 g6 3. Nf3 Bg7 4. Bg5 Bg4 5. c3 Nd7 6. Nbd2 Ngf6 7. Qc2 Bxf3 8.
Nxf3 e5 9. O-O-O Qe7 10. Bc4 h6 11. Bh4 g5 12. dxe5 dxe5 13. Bg3 Nh5 14. Rd2
Nxg3 15. hxg3 O-O-O 16. Qb3 Nc5 17. Qa3 a6 18. Rhd1 g4 19. Nh4 Rxd2 20. Rxd2
Rd8 21. Bd5 Bf8 22. b4 Ne6 23. Qb3 Qg5 24. Qd1 Be7 25. Nf5 h5 26. Kc2 c6 27.
Bb3 Rxd2+ 28. Qxd2 Qxd2+ 29. Kxd2 Bd8 30. Nd6+ Kd7 31. Nxf7 Bc7 32. Bxe6+ Kxe6
33. Nh6 Bb6 34. f3 gxf3 35. gxf3 Bf2 36. Nf5 Kf6 37. Ke2 Bb6 38. Nd6 1-0

[Event "Landesliga Ost MVP 2013-14"]
[Site "?"]
[Date "2013.11.10"]
[Round "2.8"]
[White "Gorlt, Guenter"]
[Black "Hoerhold, Martin"]
[Result "0-1"]
[WhiteElo "1409"]
[BlackElo "1538"]
[PlyCount "52"]
[EventType "team-tourn"]
[EventRounds "9"]
[EventCountry "GER"]
[WhiteTeam "SC Seehotel Binz-Therme Rügen"]
[BlackTeam "SG Eintracht Neubrandenburg"]
[WhiteTeamCountry "GER"]
[BlackTeamCountry "GER"]

1. d4 Nf6 2. Nf3 g6 3. c4 Bg7 4. Nc3 d6 5. h3 O-O 6. e4 Nbd7 7. Be3 c6 8. Qd2
Qa5 9. Be2 b5 10. cxb5 cxb5 11. Bxb5 Nxe4 12. Qd3 Ndf6 13. O-O Bf5 14. Nxe4
Bxe4 15. Qe2 Bxf3 16. gxf3 Rab8 17. Bc4 Rfc8 18. Bb3 Qf5 19. Kh2 Nh5 20. Rg1
Bxd4 21. Bxd4 Qf4+ 22. Kh1 Qh4 23. Kh2 Qxd4 24. Rg4 Qf6 25. Re1 Rc7 26. Kg2
Nf4+ 0-1

[Event "Landesliga Ost MVP 2013-14"]
[Site "?"]
[Date "2013.11.10"]
[Round "2.1"]
[White "Voelsgen, Georg"]
[Black "Patzenhauer, Max"]
[Result "1-0"]
[WhiteElo "1943"]
[BlackElo "1858"]
[PlyCount "73"]
[EventType "team-tourn"]
[EventRounds "9"]
[EventCountry "GER"]
[WhiteTeam "SV Gryps"]
[BlackTeam "SV Motor Wolgast 1949"]
[WhiteTeamCountry "GER"]
[BlackTeamCountry "GER"]

1. e4 e5 2. Nf3 Nc6 3. Bc4 Bc5 4. c3 Nf6 5. d3 O-O 6. Bg5 d6 7. Nbd2 Be6 8. b4
Bb6 9. Qe2 Qe7 10. Nf1 Bxc4 11. dxc4 Qe6 12. Ng3 Ng4 13. Rf1 Qg6 14. h3 Nf6 15.
Nf5 Rae8 16. g4 h6 17. Bd2 Nd4 18. cxd4 exd4 19. N3h4 Qh7 20. f3 d5 21. cxd5
Nxd5 22. Qc4 Ne3 23. Bxe3 dxe3 24. a4 g6 25. a5 Qh8 26. Ra2 gxf5 27. Nxf5 Bxa5
28. bxa5 Qe5 29. Nxh6+ Kh7 30. Nf5 Re6 31. Qd5 Rd8 32. Qxe5 Rxe5 33. Ke2 Rd2+
34. Rxd2 exd2 35. Ra1 Rb5 36. Kxd2 Rb2+ 37. Ke3 1-0

[Event "Landesliga Ost MVP 2013-14"]
[Site "?"]
[Date "2013.11.10"]
[Round "2.2"]
[White "Reinke, Thomas"]
[Black "Windjaeger, Gerd"]
[Result "0-1"]
[WhiteElo "1847"]
[BlackElo "1893"]
[PlyCount "66"]
[EventType "team-tourn"]
[EventRounds "9"]
[EventCountry "GER"]
[WhiteTeam "SV Motor Wolgast 1949"]
[BlackTeam "SV Gryps"]
[WhiteTeamCountry "GER"]
[BlackTeamCountry "GER"]

1. e4 c6 2. d4 d5 3. Nc3 dxe4 4. Nxe4 Bf5 5. Ng3 Bg6 6. h4 h6 7. Nf3 Nd7 8. Bc4
e6 9. Qe2 Ngf6 10. Bf4 Be7 11. c3 Nd5 12. Bd2 Qc7 13. Ne5 Nxe5 14. dxe5 O-O-O
15. b4 Nb6 16. Bb3 Bd3 17. Qe3 Nc4 18. Bxc4 Bxc4 19. O-O-O b5 20. f4 Rd3 21.
Qf2 c5 22. Kb2 Rhd8 23. a3 Qc6 24. Nf1 cxb4 25. axb4 Bxb4 26. Ra1 Bc5 27. Qe1
Qxg2 28. Rh2 Qxh2 29. Nxh2 Rxd2+ 30. Kc1 Rxh2 31. Ra6 Kb7 32. Ra1 Bb3 33. Qe4+
Kb8 0-1

[Event "Landesliga Ost MVP 2013-14"]
[Site "?"]
[Date "2013.11.10"]
[Round "2.3"]
[White "Mauser, Tassilo Tino"]
[Black "Riebort, Frank"]
[Result "1/2-1/2"]
[WhiteElo "1804"]
[BlackElo "1932"]
[PlyCount "107"]
[EventType "team-tourn"]
[EventRounds "9"]
[EventCountry "GER"]
[WhiteTeam "SV Gryps"]
[BlackTeam "SV Motor Wolgast 1949"]
[WhiteTeamCountry "GER"]
[BlackTeamCountry "GER"]

1. e3 Nf6 2. Nf3 g6 3. c4 Bg7 4. Nc3 d6 5. Be2 O-O 6. O-O Nc6 7. a3 e5 8. d3
Ne8 9. Rb1 f5 10. Qc2 Nf6 11. b4 Ne7 12. Bb2 h6 13. c5 Be6 14. b5 b6 15. c6 g5
16. Ne1 Ng6 17. d4 e4 18. f4 d5 19. Nd1 Rf7 20. g3 Bf8 21. Nf2 Bd6 22. Nh3 Ng4
23. Ng2 Qe7 24. a4 Raf8 25. Bc3 Rg7 26. Bd2 Nh8 27. a5 Nf6 28. axb6 axb6 29.
Bc3 g4 30. Nf2 h5 31. Nh4 Ng6 32. Nxg6 Rxg6 33. Kg2 h4 34. Qa4 Rh6 35. Rh1 Nh5
36. Bb4 Bxb4 37. Rxb4 Kg7 38. Rbb1 Rhh8 39. Ra1 Nf6 40. Rhb1 Nh5 41. Rh1 h3+
42. Kf1 Nf6 43. Nd1 Kf7 44. Kf2 Ra8 45. Qxa8 Rxa8 46. Rxa8 Qb4 47. Ra7 Ne8 48.
Re1 Qd2 49. Kf1 Ke7 50. Nf2 Kd8 51. Ra8+ Bc8 52. Bd1 Nd6 53. Re2 Qc1 54. Re1
1/2-1/2

[Event "Landesliga Ost MVP 2013-14"]
[Site "?"]
[Date "2013.11.10"]
[Round "2.4"]
[White "Zimmermann, Frank"]
[Black "Hollatz, Michael"]
[Result "0-1"]
[WhiteElo "1606"]
[BlackElo "1743"]
[PlyCount "48"]
[EventType "team-tourn"]
[EventRounds "9"]
[EventCountry "GER"]
[WhiteTeam "SV Motor Wolgast 1949"]
[BlackTeam "SV Gryps"]
[WhiteTeamCountry "GER"]
[BlackTeamCountry "GER"]

1. f4 d5 2. Nf3 Nf6 3. e3 Nc6 4. Be2 Bf5 5. O-O Qd7 6. Ne5 Nxe5 7. fxe5 Ne4 8.
d3 Nc5 9. b3 e6 10. Bb2 O-O-O 11. Nd2 Na6 12. a3 Be7 13. b4 Bg5 14. Rf3 Qe7 15.
Nb3 h5 16. Bd4 b6 17. e4 Bg4 18. Rf1 dxe4 19. Bxg4 hxg4 20. Qxg4 Rxd4 21. Nxd4
Be3+ 22. Kh1 Bxd4 23. Ra2 Rh4 24. Qxg7 Rxh2+ 0-1

[Event "Landesliga Ost MVP 2013-14"]
[Site "?"]
[Date "2013.11.10"]
[Round "2.5"]
[White "Giering, Nils"]
[Black "Schellner, Ulf"]
[Result "1/2-1/2"]
[WhiteElo "1617"]
[BlackElo "1642"]
[PlyCount "50"]
[EventType "team-tourn"]
[EventRounds "9"]
[EventCountry "GER"]
[WhiteTeam "SV Gryps"]
[BlackTeam "SV Motor Wolgast 1949"]
[WhiteTeamCountry "GER"]
[BlackTeamCountry "GER"]

1. d4 d5 2. Nf3 Nf6 3. c4 e6 4. Bf4 Be7 5. e3 O-O 6. Nbd2 c6 7. Bd3 Nbd7 8. O-O
h6 9. c5 Nh5 10. Bg3 Nxg3 11. hxg3 Qc7 12. b4 e5 13. dxe5 Nxe5 14. Nxe5 Qxe5
15. Nf3 Qc7 16. Qe2 Bf6 17. Rad1 Bd7 18. e4 dxe4 19. Bxe4 Rad8 20. Rd6 Be6 21.
Rfd1 Be7 22. R6d4 Bf6 23. Rd6 Be7 24. Rxd8 Rxd8 25. Rxd8+ Qxd8 1/2-1/2

[Event "Landesliga Ost MVP 2013-14"]
[Site "?"]
[Date "2013.11.10"]
[Round "2.6"]
[White "Pochop, Bert"]
[Black "Sadewasser, Lucie"]
[Result "1-0"]
[WhiteElo "1797"]
[BlackElo "1431"]
[PlyCount "43"]
[EventType "team-tourn"]
[EventRounds "9"]
[EventCountry "GER"]
[WhiteTeam "SV Motor Wolgast 1949"]
[BlackTeam "SV Gryps"]
[WhiteTeamCountry "GER"]
[BlackTeamCountry "GER"]

1. d4 Nf6 2. c4 c5 3. e3 g6 4. Nf3 Bg7 5. Be2 O-O 6. O-O Qc7 7. Nc3 a6 8. Rb1
b6 9. b4 cxb4 10. Rxb4 b5 11. Qd3 Qa5 12. Rb3 b4 13. Ne4 Nc6 14. Nxf6+ Bxf6 15.
Qb1 e6 16. Qc2 Rb8 17. a3 Be7 18. c5 Qa4 19. axb4 a5 20. b5 Ba6 21. Qb2 Bxb5
22. Bxb5 1-0

[Event "Landesliga Ost MVP 2013-14"]
[Site "?"]
[Date "2013.11.10"]
[Round "2.7"]
[White "Mielke, Sven"]
[Black "Reimer, Karl"]
[Result "1-0"]
[WhiteElo "1812"]
[BlackElo "1619"]
[PlyCount "62"]
[EventType "team-tourn"]
[EventRounds "9"]
[EventCountry "GER"]
[WhiteTeam "SV Gryps"]
[BlackTeam "SV Motor Wolgast 1949"]
[WhiteTeamCountry "GER"]
[BlackTeamCountry "GER"]

1. e4 c5 2. f4 Nc6 3. c3 d5 4. e5 Bf5 5. d3 Qd7 6. Nf3 e6 7. Be2 Nge7 8. Nh4 h6
9. Be3 d4 10. Bf2 Nd5 11. Nxf5 exf5 12. g3 Be7 13. c4 Nc7 14. O-O O-O 15. Bf3
a6 16. g4 Kh8 17. Bg3 b5 18. Nd2 fxg4 19. Bxg4 Qe8 20. Ne4 f5 21. exf6 gxf6 22.
f5 Qd7 23. Qd2 Kg7 24. Bf4 Rh8 25. Bh5 Rag8 26. Kh1 Kh7 27. Bg6+ Rxg6 28. fxg6+
Kg7 29. Ng3 Ne6 30. Bxh6+ Rxh6 31. Nf5+ Kxg6 1-0

[Event "Landesliga Ost MVP 2013-14"]
[Site "?"]
[Date "2013.11.10"]
[Round "2.8"]
[White "Macherius, Uwe"]
[Black "Wagner, Swenja"]
[Result "1-0"]
[WhiteElo "1595"]
[BlackElo "1405"]
[PlyCount "75"]
[EventType "team-tourn"]
[EventRounds "9"]
[EventCountry "GER"]
[WhiteTeam "SV Motor Wolgast 1949"]
[BlackTeam "SV Gryps"]
[WhiteTeamCountry "GER"]
[BlackTeamCountry "GER"]

1. e4 e5 2. Nf3 Nc6 3. Bc4 Nf6 4. d4 exd4 5. Nxd4 Bc5 6. Nf5 Rg8 7. Be3 Bxe3 8.
Nxe3 d6 9. Nc3 Be6 10. Bd5 Qd7 11. Qe2 a6 12. O-O-O Kf8 13. f4 Re8 14. f5 Bxd5
15. exd5 Ne7 16. Qf3 g6 17. g4 h6 18. h4 g5 19. Qh3 Rg7 20. hxg5 hxg5 21. Qh8+
Neg8 22. Qh3 Re7 23. Qf3 Qe8 24. Ng2 Re5 25. Rhe1 Nd7 26. Rxe5 Nxe5 27. Qg3 b5
28. b3 Nf6 29. Ne3 b4 30. Ne2 Ne4 31. Qh3 Nf2 32. Qh8+ Rg8 33. Qh6+ Rg7 34. f6
Qb5 35. fxg7+ Ke7 36. g8=Q Qxe2 37. Qhxg5+ Kd7 38. Q8d8# 1-0

[Event "Landesliga Ost MVP 2013-14"]
[Site "?"]
[Date "2013.11.10"]
[Round "2.1"]
[White "Voelschow, Siegfried"]
[Black "Rehbein, Hans Juergen"]
[Result "1-0"]
[WhiteElo "1975"]
[BlackElo "1652"]
[PlyCount "105"]
[EventType "team-tourn"]
[EventRounds "9"]
[EventCountry "GER"]
[WhiteTeam "SV Waterkant Saal"]
[BlackTeam "SG Eintracht Neubrandenburg II"]
[WhiteTeamCountry "GER"]
[BlackTeamCountry "GER"]

1. e4 c5 2. c3 d6 3. d4 cxd4 4. cxd4 Nf6 5. Nc3 Nc6 6. Be2 e5 7. dxe5 dxe5 8.
Qxd8+ Kxd8 9. Bg5 Be6 10. Nf3 Bc5 11. Bb5 Bd4 12. O-O-O Kc7 13. Bxf6 gxf6 14.
Nd5+ Bxd5 15. exd5 Ne7 16. Nxd4 exd4 17. Rxd4 Rad8 18. Rhd1 Rd6 19. Be2 Rg8 20.
Bf3 Rg5 21. Rh4 Rg7 22. Kb1 Kd7 23. Rc4 Rg5 24. Rh4 Rg7 25. Rb4 b6 26. h4 f5
27. Rc4 Rg8 28. g3 Rc8 29. Rxc8 Nxc8 30. Kc2 Ne7 31. Kc3 Ng6 32. Kd4 f6 33. Bg2
Ne5 34. Bh3 Nc6+ 35. Ke3 Ne7 36. Bg2 Ng6 37. h5 Ne7 38. Kf4 h6 39. Ke3 Kd8 40.
Kd4 Nc6+ 41. Kc4 a6 42. f4 Ne7 43. a4 Kc7 44. b4 Nc6 45. Re1 Nd8 46. Re7+ Rd7
47. Rxd7+ Kxd7 48. Bh3 Nf7 49. Bxf5+ Kc7 50. Kd4 Nd6 51. Bd3 Kb7 52. g4 Nf7 53.
Bg6 1-0

[Event "Landesliga Ost MVP 2013-14"]
[Site "?"]
[Date "2013.11.10"]
[Round "2.2"]
[White "Witkowski, Rainer"]
[Black "Schwarz, Eckhard"]
[Result "0-1"]
[WhiteElo "1833"]
[BlackElo "1843"]
[PlyCount "112"]
[EventType "team-tourn"]
[EventRounds "9"]
[EventCountry "GER"]
[WhiteTeam "SG Eintracht Neubrandenburg II"]
[BlackTeam "SV Waterkant Saal"]
[WhiteTeamCountry "GER"]
[BlackTeamCountry "GER"]

1. e4 c5 2. c3 d5 3. exd5 Qxd5 4. d4 Nc6 5. Nf3 Bg4 6. Be2 cxd4 7. cxd4 e6 8.
O-O Nf6 9. Be3 Qd7 10. Nc3 Nd5 11. Qb3 Bd6 12. Ne4 Bf4 13. g3 Nxe3 14. fxe3 Bh6
15. Qa3 Rd8 16. Bb5 Qd5 17. Nc3 Bxe3+ 18. Kg2 Qh5 19. h4 Bxf3+ 20. Rxf3 Bxd4
21. Rd1 Bc5 22. Bxc6+ bxc6 23. Rxd8+ Kxd8 24. Qa5+ Kc8 25. Na4 Rd8 26. Qxc5
Qxc5 27. Nxc5 Rd5 28. Nb3 f6 29. Rc3 Kd7 30. Rc5 Rxc5 31. Nxc5+ Kd6 32. Nb3 Kd5
33. Kf3 e5 34. Nd2 f5 35. Ke3 g6 36. Nf3 h6 37. Ng1 a6 38. Nh3 Kc4 39. Nf2 a5
40. g4 a4 41. gxf5 gxf5 42. Nd3 Kd5 43. Nc1 f4+ 44. Kf3 Kd4 45. b3 a3 46. b4
Kc3 47. Ke4 Kb2 48. Nd3+ Kxa2 49. Nxe5 Kb1 50. Nxc6 a2 51. Kxf4 a1=Q 52. Ke4
Qa6 53. Kd5 Qb5+ 54. Kd6 Kb2 55. Kc7 Kc3 56. Kd6 Kc4 0-1

[Event "Landesliga Ost MVP 2013-14"]
[Site "?"]
[Date "2013.11.10"]
[Round "2.3"]
[White "Onasch, Gunnar"]
[Black "Buenz, Heinrich"]
[Result "1-0"]
[WhiteElo "1863"]
[BlackElo "1714"]
[PlyCount "101"]
[EventType "team-tourn"]
[EventRounds "9"]
[EventCountry "GER"]
[WhiteTeam "SV Waterkant Saal"]
[BlackTeam "SG Eintracht Neubrandenburg II"]
[WhiteTeamCountry "GER"]
[BlackTeamCountry "GER"]

1. d4 Nf6 2. c4 e6 3. Nf3 Be7 4. Nc3 O-O 5. Qc2 d6 6. e4 Nbd7 7. Bd3 e5 8. d5
Nc5 9. Be2 Bg4 10. h3 Bh5 11. Be3 Na6 12. O-O h6 13. Rab1 Bg6 14. Bd3 Nb4 15.
Qd2 Nxd3 16. Qxd3 Nxe4 17. Nxe4 f5 18. Qc2 fxe4 19. Nd2 Bg5 20. Rbe1 Bxe3 21.
Rxe3 Qh4 22. Nxe4 Rf7 23. Qe2 Raf8 24. f3 Kh7 25. c5 dxc5 26. Nxc5 Rd8 27. Rd1
Re7 28. Rxe5 Rxe5 29. Qxe5 Re8 30. Ne6 Re7 31. Nf8+ Kg8 32. Nxg6 Rxe5 33. Nxh4
Kf7 34. Kf2 g5 35. f4 Re4 36. Nf3 Rxf4 37. Rc1 Rb4 38. Rxc7+ Kf6 39. Rc2 Ke7
40. Ke3 Kd6 41. Rd2 g4 42. Nd4 gxh3 43. gxh3 h5 44. Nf3 Rc4 45. b3 Rc1 46. Ng5
Rg1 47. Ne4+ Kd7 48. d6 Rg6 49. Nc5+ Kd8 50. d7 Rb6 51. Ke4 1-0

[Event "Landesliga Ost MVP 2013-14"]
[Site "?"]
[Date "2013.11.10"]
[Round "2.4"]
[White "Winkler, Karl"]
[Black "Richter, Frank"]
[Result "0-1"]
[WhiteElo "1774"]
[BlackElo "1655"]
[PlyCount "86"]
[EventType "team-tourn"]
[EventRounds "9"]
[EventCountry "GER"]
[WhiteTeam "SG Eintracht Neubrandenburg II"]
[BlackTeam "SV Waterkant Saal"]
[WhiteTeamCountry "GER"]
[BlackTeamCountry "GER"]

1. e4 c6 2. d4 d5 3. exd5 Qxd5 4. Nc3 Qd8 5. Nf3 Nf6 6. Bc4 e6 7. O-O Be7 8.
Re1 O-O 9. Bg5 h6 10. Bh4 Nbd7 11. Re2 b6 12. Ne5 Nxe5 13. dxe5 Nd5 14. Bxd5
exd5 15. Bxe7 Qxe7 16. Qd4 Bf5 17. Qf4 Bg6 18. Rae1 Qe6 19. Nb1 Rad8 20. Qa4 a5
21. Nd2 d4 22. Qc4 Bxc2 23. Qxe6 fxe6 24. Rc1 Bd3 25. Ree1 c5 26. b3 Ba6 27. a4
Rd5 28. Nc4 d3 29. Red1 Bxc4 30. bxc4 Rd4 31. Rc3 Rfd8 32. f3 d2 33. Rc2 Rd3
34. Kf1 Ra3 35. Rb2 Rxa4 36. Rxb6 Rxc4 37. Rxe6 Kf7 38. Ra6 Rc2 39. Rxa5 c4 40.
Raa1 Ke6 41. f4 c3 42. g4 Rb2 43. Ra6+ Ke7 0-1

[Event "Landesliga Ost MVP 2013-14"]
[Site "?"]
[Date "2013.11.10"]
[Round "2.5"]
[White "Nickel, Reimo"]
[Black "Stock, Joachim"]
[Result "1-0"]
[WhiteElo "1767"]
[BlackElo "1580"]
[PlyCount "85"]
[EventType "team-tourn"]
[EventRounds "9"]
[EventCountry "GER"]
[WhiteTeam "SV Waterkant Saal"]
[BlackTeam "SG Eintracht Neubrandenburg II"]
[WhiteTeamCountry "GER"]
[BlackTeamCountry "GER"]

1. d4 d5 2. c4 e6 3. Nf3 Nf6 4. Nc3 Be7 5. Bg5 Nbd7 6. e3 c6 7. Bxf6 Nxf6 8.
Bd3 O-O 9. Qc2 g6 10. Rc1 Nd7 11. O-O f5 12. cxd5 exd5 13. Qb3 Qb6 14. Qc2 Qd8
15. a3 Bd6 16. Qb3 Qb6 17. Qa2 Nf6 18. b4 Kg7 19. Na4 Qd8 20. Nc5 Ne4 21. Be2
Re8 22. Nd3 Ng5 23. Nde5 Nxf3+ 24. Nxf3 g5 25. b5 Bd7 26. bxc6 bxc6 27. Bd3 Qf6
28. Ba6 Rab8 29. Rb1 g4 30. Nd2 Qh4 31. g3 Qf6 32. Rxb8 Bxb8 33. Rb1 h5 34. Rb7
Qd6 35. Qb1 Kf6 36. Bd3 h4 37. Nf1 hxg3 38. Nxg3 Kg5 39. Bxf5 Bc7 40. Bxd7 Qxd7
41. Rxc7 Qxc7 42. Qf5+ Kh6 43. Qh5+ 1-0

[Event "Landesliga Ost MVP 2013-14"]
[Site "?"]
[Date "2013.11.11"]
[Round "2.6"]
[White "Sommer, Hans Hermann"]
[Black "Ehmann, Roland"]
[Result "0-1"]
[WhiteElo "1663"]
[BlackElo "1507"]
[PlyCount "78"]
[EventType "team-tourn"]
[EventRounds "9"]
[EventCountry "GER"]
[WhiteTeam "SG Eintracht Neubrandenburg II"]
[BlackTeam "SV Waterkant Saal"]
[WhiteTeamCountry "GER"]
[BlackTeamCountry "GER"]

1. e4 e5 2. Nf3 d6 3. c3 Nf6 4. Be2 Be7 5. O-O O-O 6. Qc2 Bg4 7. d4 Bxf3 8.
Bxf3 Nbd7 9. Be3 c5 10. dxc5 dxc5 11. Nd2 Qc7 12. Rfd1 Rad8 13. Nf1 c4 14. Ng3
Nc5 15. b3 b5 16. bxc4 bxc4 17. Be2 Ne6 18. Nf5 Rfe8 19. Rxd8 Bxd8 20. h4 Qc6
21. Bf3 g6 22. Ng3 Bb6 23. Bxb6 axb6 24. h5 h6 25. hxg6 fxg6 26. a4 Ra8 27. Qd2
Kh7 28. Qa2 b5 29. a5 Nc5 30. Qa3 Nfd7 31. Qb4 Ra7 32. Rd1 Qa6 33. Rd5 Qxa5 34.
Rxc5 Qxb4 35. cxb4 Nxc5 36. bxc5 Rc7 37. Ne2 b4 38. Nc1 b3 39. Nxb3 cxb3 0-1

[Event "Landesliga Ost MVP 2013-14"]
[Site "?"]
[Date "2013.11.10"]
[Round "2.7"]
[White "Nickel, Udo"]
[Black "Friedrich, Joerg"]
[Result "0-1"]
[WhiteElo "1675"]
[BlackElo "1648"]
[PlyCount "66"]
[EventType "team-tourn"]
[EventRounds "9"]
[EventCountry "GER"]
[WhiteTeam "SV Waterkant Saal"]
[BlackTeam "SG Eintracht Neubrandenburg II"]
[WhiteTeamCountry "GER"]
[BlackTeamCountry "GER"]

1. d4 Nf6 2. Nf3 d6 3. c4 g6 4. Nc3 Bg7 5. e4 Bg4 6. Be2 Nc6 7. Be3 O-O 8. O-O
Ne8 9. h3 Bd7 10. Rc1 f5 11. exf5 Bxf5 12. Qd2 Qd7 13. Nh4 Bf6 14. Nxf5 gxf5
15. Bf3 e6 16. Ne2 Nd8 17. Bh6 Ng7 18. Rfe1 c6 19. Nf4 Qf7 20. b3 e5 21. Bxg7
Bxg7 22. dxe5 dxe5 23. Nh5 e4 24. Nxg7 exf3 25. Nxf5 Qxf5 26. g4 Qf6 27. Qe3
Nf7 28. Qe7 Qh6 29. Kh2 Qf4+ 30. Kg1 Ng5 31. Kh1 Nxh3 32. Qe6+ Rf7 33. Rf1 Ng5
0-1

[Event "Landesliga Ost MVP 2013-14"]
[Site "?"]
[Date "2013.11.10"]
[Round "2.8"]
[White "Zibell, Walter"]
[Black "Hiltner, Harald"]
[Result "1-0"]
[WhiteElo "1782"]
[BlackElo "1515"]
[PlyCount "63"]
[EventType "team-tourn"]
[EventRounds "9"]
[EventCountry "GER"]
[WhiteTeam "SG Eintracht Neubrandenburg II"]
[BlackTeam "SV Waterkant Saal"]
[WhiteTeamCountry "GER"]
[BlackTeamCountry "GER"]

1. d4 d5 2. c4 e6 3. Nf3 Nf6 4. Bg5 Be7 5. e3 Nbd7 6. Nc3 dxc4 7. Bxc4 Nb6 8.
Bd3 c6 9. O-O Nfd5 10. Bxe7 Qxe7 11. Rc1 O-O 12. Bb1 Nxc3 13. bxc3 Nd7 14. Qd3
g6 15. e4 e5 16. Nd2 b6 17. f4 Rd8 18. Qf3 exd4 19. cxd4 c5 20. d5 Nf6 21. Rfe1
Nh5 22. Nc4 Qf6 23. g3 Ba6 24. e5 Qe7 25. Ne3 Ng7 26. Ng4 Ne8 27. f5 c4 28. d6
Qd7 29. Be4 Rab8 30. Bc6 Qc8 31. fxg6 Qe6 32. gxf7+ 1-0